000 00933cam a2200289 i 4500
001 16193
003 DO-SdUEMH
005 20260129163257.0
007 ta
008 211105s2000 dr a|||gr|||| 000 0 spa|
020 _a 9993430188
040 _aDO-SdUEMH
_bspa
_erda
041 _aspa
082 1 4 _mRD
_aRD330.97293
_bN964l
084 _b08-00422
110 _aRepública Dominicana : Banco Central
245 1 0 _aNueva literatura económica dominicana : premios del Concurso "Biblioteca Juan Pablo Duarte" 1999 /
_cMagín Javier Díaz Domingo, Dayana Lora Bastidas
260 _c2000
264 1 4 _aSanto Domingo :
_bBanco Central de la República Dominicana,
_c2000
300 _a346 paginas :
_bilustraciones ;
_c23 cm.
336 _2rdacontent
_atexto
_btxt
337 _2rdamedia
_asin mediación
_bn
338 _2rdacarrier
_avolumen
_bnc
504 _aBibliografías en pagina 333
942 _2ddc
_cBK
_n0
999 _c16193
_d16193